Dictadura totalitaria y autocracia

Guardat en:
Dades bibliogràfiques
Autors principals: Friedrich, Carl Joachim (Autor), Brzezinski, Zbigniew (Autor)
Format: Llibre
Idioma:espanyol
Publicat: Buenos Aires Líbera 1975
Matèries:
Etiquetes: Afegir etiqueta
Sense etiquetes, Sigues el primer a etiquetar aquest registre!

MARC

LEADER 00000nam a2200000 a 4500
001 UCT7095
003 CL-VaPUC
008 970116e19750000AG |||||||||||||||||spa|d
082 0 4 |a 320.53  |b FRI  |2 21 
100 0 |a Friedrich, Carl Joachim  |e author  |9 377748 
700 |a Brzezinski, Zbigniew  |e author  |9 499691 
245 1 0 |a Dictadura totalitaria y autocracia 
300 |a 551 p 
942 |c BK 
945 |d 19970116 00:00:00  |a paguirre 
260 |a Buenos Aires  |b Líbera  |c 1975 
650 0 |a Totalitarismo  |9 255261 
650 0 |a Dictadura   |9 341206 
650 7 |a SISTEMAS POLITICOS  |2 CL-VaPUC  |9 377750 
650 0 |a Doctrinas políticas  |9 255835 
650 0 |a Comunismo  |9 255588 
650 7 |a MARXISMO  |2 CL-VaPUC  |9 377751 
583 |a last modification  |c 19970116 00:00:00  |k Rodrigo Vera 
999 |c 255756  |d 255754 
952 |0 0  |1 0  |4 0  |6 320_530000000000000_FRI_1975  |7 0  |8 A  |9 278159  |a BIBDER  |b BIBDER  |d 2019-11-19  |i 1806157  |o 320.53 FRI 1975  |p 1806157  |r 2023-01-25  |w 2019-11-19  |y BK  |k DER 
952 |0 0  |1 0  |4 0  |6 320_530000000000000_FRI_1975  |7 0  |8 A  |9 278160  |a BIBDER  |b BIBDER  |d 2019-11-19  |i 1806173  |o 320.53 FRI 1975  |p 1806173  |r 2019-11-19  |w 2019-11-19  |y BK  |k DER 
952 |0 0  |1 0  |4 0  |6 320_530000000000000_FRI_1975  |7 0  |8 A  |9 278161  |a BIBHIS  |b BIBHIS  |d 2019-11-19  |i 1209329  |l 2  |o 320.53 FRI 1975  |p 1209329  |r 2025-01-20  |s 2023-11-02  |w 2019-11-19  |y BK  |k HIS